Statistics for Herbs and Spices

Click here to take the quiz!

General Stats

  • This quiz has been taken 876 times
  • The average score is 25 of 46

Answer Stats

Answer% Correct
Black pepper
94%
Thyme
86%
Cinnamon
84%
Rose
84%
Basil
83%
Garlic
81%
Salt
81%
Rosemary
80%
Oregano
79%
Coriander
77%
Paprika
77%
Parsley
77%
Cumin
76%
Chilli
72%
Ginger
69%
Turmeric
68%
Nutmeg
67%
Sage
66%
Mint
65%
Cloves
64%
Onion powder
62%
Dill
61%
Cayenne pepper
56%
Allspice
55%
Bay leaves
55%
Mustard
53%
Saffron
53%
Chives
52%
Anise
51%
Cardamom
49%
Vanilla
49%
Fennel
48%
Tarragon
47%
Marjoram
36%
Lemon grass
34%
Celery powder
32%
Star anise
32%
Lavender
30%
Fenugreek
26%
Sesame
26%
Horseradish
23%
Wasabi
21%
Caraway
17%
Liquorice
16%
Tamarind
11%
Cress
10%

Score Distribution

Percentile by Number Answered

Percent of People with Each Score

Your Score History

You have not taken this quiz